01701nam a2200205 4500003000400000005001700004008004100021020002200062040001100084082001700095100002900112245010100141260006300242300001800305505094400323650006301267650004301330650005801373650006401431OSt20230116132949.0230116b |||||||| |||| 00| 0 eng d a978 9930 9708 6 7 cLado V a724.6bM743a aMonge Cortes, Pazeautor aAcercamientos a lo tropical: Un breve recuerdo de la arquitectura contemporánea en Costa Rica/ aCosta RicabMuseo de Arte y Diseño Contemporáneoc2021 a50p.c24x21cm tPrólogo de la presente edición rManuel Rebón tI. Acercamientos. Un abordaje, mil pasajes tImaginariotLa barca abierta tLa errancia, el exilio tPoéticas tUna errancia arraigada tII. Elementos. Lo elemental se recompone absolutamente tRepeticiones tLa extensión y la filiación tLugar cerrado, palabra abierta tDe un barroco mundializado tAcerca de la información del poema tIII. Caminos. En voz alta, para marcar la distancia tCreolizaciones tDictar, prescribirtConstruir una torre tTransparencia y opacidad tLa playa negra tIV. Teorías. La teoría es ausencia, oscura y propicia tRelacióntLo relativo y el caos tLas distancias determinantestAquello que, aquello que tReligado (relevado), relatado tV. Poética. El ante, múltiple infinito en subsistencia tGeneralizacióntAquello siendo lo que no estPara la opacidad tCírculo abierto, Relación vivida tLa playa ardiente tReferencias 2Tesauro de Arte & ArquitecturaaARQUITECTURA COSTARRICENSE 2Tesauro de Arte & ArquitecturaaTEORIA 2Tesauro de Arte & ArquitecturaaARQUITECTURA TROPICAL 2Tesauro de Arte & ArquitecturaaARQUITECTURA CONTEMPORANEO